| 000 -LEADER |
| fixed length control field |
00789nam a22002537a 4500 |
| 001 - CONTROL NUMBER |
| control field |
8801 |
| 003 - CONTROL NUMBER IDENTIFIER |
| control field |
BD-DhUAP |
| 005 - DATE AND TIME OF LATEST TRANSACTION |
| control field |
20210128104457.0 |
| 008 - FIXED-LENGTH DATA ELEMENTS--GENERAL INFORMATION |
| fixed length control field |
210128s1872 ii ||||| v||| 001 0 eng d |
| 040 ## - CATALOGING SOURCE |
| Original cataloging agency |
BD-DhUAP |
| Language of cataloging |
Eng |
| Transcribing agency |
BD-DhUAP |
| Modifying agency |
BD-DhUAP |
| 082 ## - DEWEY DECIMAL CLASSIFICATION NUMBER |
| Edition number |
23 |
| Classification number |
346.54022 JHA |
| 100 ## - MAIN ENTRY--PERSONAL NAME |
| Personal name |
Jhabvala, Noshirvan H. |
| 9 (RLIN) |
36370 |
| 245 ## - TITLE STATEMENT |
| Title |
The law of contracts : |
| Remainder of title |
(the Indian Contract Act, 1872) / |
| Statement of responsibility, etc. |
Noshirvan H. Jhabvala. |
| 250 ## - EDITION STATEMENT |
| Edition statement |
27th ed. |
| 260 ## - PUBLICATION, DISTRIBUTION, ETC. |
| Place of publication, distribution, etc. |
Mumbai : |
| Name of publisher, distributor, etc. |
Jamnadas, |
| Date of publication, distribution, etc. |
1872. |
| 300 ## - PHYSICAL DESCRIPTION |
| Extent |
248 pages ; |
| Dimensions |
24 cm. |
| 500 ## - GENERAL NOTE |
| General note |
Includes index. |
| 526 ## - STUDY PROGRAM INFORMATION NOTE |
| Program name |
SOL |
| 650 ## - SUBJECT ADDED ENTRY--TOPICAL TERM |
| Topical term or geographic name entry element |
Contracts |
| Geographic subdivision |
India. |
| 9 (RLIN) |
36371 |
| 651 ## - SUBJECT ADDED ENTRY--GEOGRAPHIC NAME |
| Geographic name |
India |
| Chronological subdivision |
Indian Contract Act, 1872. |
| 9 (RLIN) |
36373 |
| 942 ## - ADDED ENTRY ELEMENTS (KOHA) |
| Source of classification or shelving scheme |
|
| Koha item type |
Book |